Top 10 Best Defensive-Midfielders In Football-History - Statistics

General Stats
  • This quiz has been taken 34 times
    33 since last reset
  • The average score is 5 of 10
Answer Stats
Hint Answer % Correct
1. Sergio Busquets
85%
4. Claude Makelele
67%
10. Patrick Vieira
63%
2. N'Golo Kante
59%
3. Rodri
56%
5. Lothar Matthaus
44%
7. Xabi Alonso
44%
9. Joshua Kimmich
41%
8. Roy Keane
41%
6. Frank Rijkaard
22%
No matching quizzes found
Score Distribution
Percent of People with Each Score
Percentile by Number Answered
Your Score History
You have not taken this quiz since the last reset